00966nam a2200301Ic 450000100060000000300100000600500170001600700030003300800410003602000180007704000350009504100080013008200140013810000250015224500410017725000220021826400630024030000770030333600270038033700330040733800280044050000440046852100380051253400220055065000270057265000340059965000310063359782CO-BoRNBP20251105161034.0ta180815s2016 sp a g 000 0 spa  a9788498351699 aCO-BoRNBPbspaerdacCO-BoRNBP aspa04a547bK42q aKlein, David R.eaut10aQuímica orgánica /cDavid Klein. aPrimera edición 1aMadird, España :bEditorial Médica Panamericana,c2016 axxiv, 1295 páginas :bilustraciones, gráficas, ilustraciones a color atextobtxt2rdacontent asin mediaciónbn2rdamedia avolumenbnc2rdacarrier aIncluye glosario e índice analítico aRecomendado para público adulto tOrganic chemistry07aEstereoquímica2lemb07aQuímica fisiológica2lemb07aQuímica orgánica2lemb